000 00815nam a2200253 a 4500
001 14523
003 BD-RjUL
005 20211208235638.0
008 161128s1966 ilua b 001 0 eng
035 _a(BD-RjUL)14575
040 _aDLC
_cDLC
_dDLC
_dBD-RjUL
_beng
041 _aeng
082 0 0 _a333.85
_223
_bFLM 1966
100 1 _aFlawn, Peter Tyrell.
_945294
245 1 0 _aMineral resources : geology, engineering, economics, politics, law /
_cby Peter T. Flawn.
260 _aNew york :
_bjohn wiley & sons,
_cc1966.
300 _axviii, 406 p. :
_billus. ;
_c24 cm.
490 0 _aRand McNally geology series
504 _aIncludes bibliographical reference and index.
650 0 _aMineral industries.
_945295
650 0 _aMines and mineral resources.
_945296
942 _2ddc
_cBK
999 _c14523
_d14523